Osobitná zodpovednosť zamestnanca za škodu

Pod osobitnú zodpovednosť zamestnanca za škodu sa môže zahrnúť: zodpovednosť za schodok na zverených hodnotách, ktoré je zamestnanec povinný vyúčtovať, zodpovednosť zamestnanca za stratu zverených predmetov. Dôkazné bremeno. Podmienky uzavretia dohody o hmotnej zodpovednosti. Odstúpenie od dohohy o...

ver descrição completa

Na minha lista:
Detalhes bibliográficos
Autor principal: Pauličková, Alena
Formato: Capítulo de Livro
Idioma:eslovaco
Assuntos:
Tags: Adicionar Tag
Sem tags, seja o primeiro a adicionar uma tag!

MARC

LEADER 00000naa a2200000 4500
001 r043722
005 20230927065519.8
041 0 |a slo 
044 |a SK 
245 1 0 |a Osobitná zodpovednosť zamestnanca za škodu  |c Alena Pauličková 
520 |a Pod osobitnú zodpovednosť zamestnanca za škodu sa môže zahrnúť: zodpovednosť za schodok na zverených hodnotách, ktoré je zamestnanec povinný vyúčtovať, zodpovednosť zamestnanca za stratu zverených predmetov. Dôkazné bremeno. Podmienky uzavretia dohody o hmotnej zodpovednosti. Odstúpenie od dohohy o hmotnej zodpovednosti a jej zánik. Náhrada škody. 
610 2 0 |a zodpovednosť za škody 
610 2 0 |a zodpovednosť pracovníka 
610 2 0 |a zodpovednosť hmotná 
610 2 0 |a náhrada škody 
100 1 |a Pauličková, Alena